|
|
|
|
| LEADER |
02131nam a22003377a 4500 |
| 001 |
42417 |
| 003 |
BD-DhAAL |
| 005 |
20240313111412.0 |
| 008 |
240313r20242023bg ||||| b||| 001 0 ben d |
| 020 |
|
|
|a 9789849806202
|
| 040 |
|
|
|a BD-DhAAL
|c BD-DhAAL
|
| 041 |
|
|
|a ben
|
| 082 |
|
|
|a 370.95492
|2 23
|
| 100 |
|
|
|a আহমদ, মনজুর.
|9 56142
|
| 245 |
|
|
|a একুশ শতকে বাংলাদেশ :
|b শিক্ষার রূপান্তর /
|c মনজুর আহমদ.
|
| 246 |
|
|
|a Ekush shotoke Bangladesh :
|b shikkhar rupantor
|
| 264 |
|
|
|a ঢাকা :
|b প্রথমা প্রকাশন,
|c ২০২৩ [দ্বিতীয় মুদ্রণ ২০২৪].
|
| 300 |
|
|
|a ৩৬৭ পৃষ্ঠা ;
|c ২২ সে.মি.
|
| 504 |
|
|
|a গ্রন্থপঞ্জিগত নির্দেশিকা ও নির্ঘণ্ট অন্তর্ভুক্ত।
|
| 526 |
|
|
|a AAL
|
| 541 |
|
|
|a Prothoma Prakashan
|e 42417, 42418, 42419, 42420, 42421
|
| 650 |
|
|
|a Education
|z Bangladesh.
|
| 650 |
|
|
|a Education.
|
| 852 |
|
|
|a Ayesha Abed Library
|c General Stacks
|
| 942 |
|
|
|2 ddc
|c BK
|
| 999 |
|
|
|c 46461
|d 46461
|
| 952 |
|
|
|0 0
|1 0
|2 ddc
|4 0
|6 370_954920000000000_AHM
|7 0
|9 75253
|a BRACUL
|b BRACUL
|c GEN
|d 2024-03-12
|e Prothoma Prakashan
|g 638.00
|l 0
|o 370.95492 AHM
|p 3010042418
|r 2024-03-12
|t 2
|v 638.00
|w 2024-03-12
|y BK
|
| 952 |
|
|
|0 0
|1 0
|2 ddc
|4 0
|6 370_954920000000000_AHM
|7 0
|9 75254
|a BRACUL
|b BRACUL
|c GEN
|d 2024-03-12
|e Prothoma Prakashan
|g 638.00
|l 0
|o 370.95492 AHM
|p 3010042420
|r 2024-03-12
|t 4
|v 638.00
|w 2024-03-12
|y BK
|
| 952 |
|
|
|0 0
|1 0
|2 ddc
|4 0
|6 370_954920000000000_AHM
|7 0
|9 75255
|a BRACUL
|b BRACUL
|c GEN
|d 2024-03-12
|e Prothoma Prakashan
|g 638.00
|l 0
|o 370.95492 AHM
|p 3010042421
|r 2024-03-12
|t 5
|v 638.00
|w 2024-03-12
|y BK
|
| 952 |
|
|
|0 0
|1 0
|2 ddc
|4 0
|6 370_954920000000000_AHM
|7 0
|9 75256
|a BRACUL
|b BRACUL
|c GEN
|d 2024-03-12
|e Prothoma Prakashan
|g 638.00
|l 0
|o 370.95492 AHM
|p 3010042419
|r 2024-03-12
|t 3
|v 638.00
|w 2024-03-12
|y BK
|
| 952 |
|
|
|0 0
|1 0
|2 ddc
|4 0
|6 370_954920000000000_AHM
|7 0
|9 75257
|a BRACUL
|b BRACUL
|c GEN
|d 2024-03-12
|e Prothoma Prakashan
|g 638.00
|l 0
|o 370.95492 AHM
|p 3010042417
|r 2024-03-12
|t 1
|v 638.00
|w 2024-03-12
|y BK
|